| 000 | 02664nam a22003137a 4500 | ||
|---|---|---|---|
| 001 | 79274 | ||
| 003 | BD-RjUL | ||
| 005 | 20220323180950.0 | ||
| 008 | 220130b2014bg |||a|||| m||| 00| 0 ben d | ||
| 035 | _a(BD-RjUL)79274 | ||
| 040 |
_aBD-RjUL _bben / eng _cBD-RjUL _dBD-RjUL |
||
| 041 | _aben | ||
| 082 |
_a297.77095492 _bFAK 2014 _223 |
||
| 100 |
_aফারায়েজী, মোহাম্মদ আব্দুল হাকিম _9972 |
||
| 245 |
_aকুডিগ্র্রামেে আরবী ও ইসলামী শিক্ষা সম্প্র্র্রসারণেে আলিমদের অবদান (১৯০০ -২০০৬খ্রী.) / _cমোহাম্মদ আব্দুল হাকিম ফারায়েজী ; _6প্র্রিন্সিপাল সুপারভাইজার : মুহাম্মাদ ইকরামুল ইসলাম ; কো - সুপারভাইজার: মুু. আবদুল হক |
||
| 260 |
_aরাজশাহী : _bআরবী বিভাগ, রাজশাহী বিশ্ববিদ্যালয়, _c২০১৪ |
||
| 300 |
_aii, ৩৫৯ পাতা : _bচিএ ; _c৩০ সেমি. |
||
| 502 | _aথিসিস (পিএইচ. ডি.) -- আরবী বিভাগ, রাজশাহী বিশ্ববিদ্যালয়,২০১৪ | ||
| 504 | _aগ্রন্থপঞ্জি পাতা : [৩৪৭] - ৩৫৯ | ||
| 650 |
_aইসলামী ধর্মীয় শিক্ষা _zবাংলাদেশ _zকুডিগ্র্রাম জেলা _y১৯০০ -২০০৬ খ্রিষ্টাব্দ _92002 |
||
| 650 |
_aIslamic religious education _zBangladesh _zKurigram District _y1900-2006 A. D. _92003 |
||
| 650 |
_a শিক্ষা এবং রাষ্ট্র _zবাংলাদেশ _zকুডিগ্র্রাম জেলা _y১৯০০ -২০০৬ খ্রিষ্টাব্দ _92004 |
||
| 650 |
_aEducation and state _zBangladesh _zKurigram District _y1900-2006 A. D. _92005 |
||
| 650 |
_aমাদ্রাসা _zবাংলাদেশ _zকুডিগ্র্রাম জেলা _y১৯০০ -২০০৬ খ্রিষ্টাব্দ _92006 |
||
| 650 |
_a Madrasahs _zBangladesh _zKurigram District _y1900-2006 A. D. _92007 |
||
| 700 |
_aইসলাম, মুহাম্মাদ ইকরামুল, প্র্রিন্সিপাল সুপারভাইজার _9975 |
||
| 700 |
_aহক, মুু. আবদুল, কো - সুপারভাইজার _9976 |
||
| 942 |
_2ddc _cTHE |
||
| 999 |
_c79274 _d79274 |
||